00853cam a2200205 a 450000100100000000500170001000800410002704000250006808200240009310000260011724501280014325000110027126000390028230000360032150400730035765000310043065000440046195201270050599900150063200000143520260212122153.0740801s1956 mx ac 000 0 spa  aDO-SdBNPbspacBNPHU a306.87bB365n, 19561 aBeach, Raimundo9476710aNosotros y nuestros hijos :buna discusión práctica de los problemas del hogar y de la vida conyugal /cRaimundo Beach. a4a ed. aMéxico :bInteramericana,c1956. a170 p. :bil., retrs. ;c20 cm. aIncluye referencias bibliográficas y notas al pie de las páginas 0aRelaciones familiares9801 4aEducación para la vida familiar92729 001052708MOaGRbGRcHDd2009-06-30iLF1l0o306.87 B365n, 1956p1435-10r2020-06-25w2020-06-25y2ZPréstamo interno c1350d1350